[Event "Montigny le Bretonneux Noel op 10th"]
[Site "Montigny le Bretonneux"]
[Date "2007.10.29"]
[Round "3"]
[White "Fayolle, Guy"]
[Black "Roux, Jean Luc"]
[Result "1/2-1/2"]
[WhiteElo "1937"]
[BlackElo "1906"]
[PlyCount "70"]
[EventDate "2007.12.26"]
[EventType "swiss"]
[EventRounds "7"]
[EventCountry "FRA"]
[SourceTitle "EXT 2008"]
[Source "ChessBase"]
[SourceDate "2007.11.25"]
[SourceVersion "1"]
[SourceVersionDate "2007.11.25"]
[SourceQuality "1"]

1. e4 c5 2. Nf3 Nc6 3. d4 cxd4 4. Nxd4 e5 5. Nb3 Nf6 6. Nc3 Be7 7. Be3 0-0 8. f3 a6 9. Qd2 b5 10. g4 b4 11. Na4 Rb8 12. Bc4 Na5 13. Nxa5 Qxa5 14. b3 d5 15. exd5 Rd8 16. 0-0-0 Be6 17. Qf2 Nxd5 18. Bxd5 Rxd5 19. Kb1 Rxd1+ 20. Rxd1 Rd8 21. Rxd8+ Qxd8 22. Nb2 h6 23. h3 Qd5 24. Nd3 e4 25. fxe4 Qxe4 26. Qe1 a5 27. Bb6 Qd5 28. Nf4 Qb5 29. Nxe6 Qxb6 30. Nxg7 Kxg7 31. Qxe7 Qe6 32. Qc5 Kf6 33. Qxa5 Qe1+ 34. Kb2 Qc3+ 35. Kc1 Qe1+ 1/2-1/2

[Event "Montigny le Bretonneux Noel op 08th"]
[Site "Montigny le Bretonneux"]
[Date "2005.12.31"]
[Round "7"]
[White "Roux, Jean Luc"]
[Black "Gilles de la Londe, Jean Francois"]
[Result "1/2-1/2"]
[WhiteElo "1911"]
[BlackElo "1833"]
[PlyCount "113"]
[EventDate "2005.12.26"]
[EventType "swiss"]
[EventRounds "7"]
[EventCountry "FRA"]
[SourceTitle "CBM 110 Extra"]
[Source "ChessBase"]
[SourceDate "2006.03.10"]
[SourceVersion "2"]
[SourceVersionDate "2006.03.10"]
[SourceQuality "1"]

1. e4 d5 2. exd5 Qxd5 3. Nc3 Qa5 4. d4 Nf6 5. Bd2 Bg4 6. Be2 Bxe2 7. Ngxe2 Nbd7 8. a4 c6 9. 0-0 e6 10. Nc1 Qc7 11. Nd3 Bd6 12. f4 0-0-0 13. b4 Nb6 14. Qe2 Nc4 15. Be1 Nd5 16. Nxd5 exd5 17. Ne5 f6 18. Nxc4 dxc4 19. Qg4+ Kb8 20. Bd2 Qf7 21. f5 h5 22. Qf3 Ka8 23. c3 h4 24. Bf4 Bxf4 25. Qxf4 h3 26. Qg3 Rd5 27. Rae1 a6 28. Re3 Re8 29. Rfe1 Rdd8 30. Qf3 Rxe3 31. Qxe3 Qd5 32. Qe4 Rh8 33. Kf2 Rh5 34. Qxd5 cxd5 35. g4 Rh8 36. Re7 Rg8 37. a5 g6 38. fxg6 Rxg6 39. Re6 Rxg4 40. Rxf6 Rg2+ 41. Kf1 Rxh2 42. Rf8+ Ka7 43. Rh8 Rh1+ 44. Kf2 h2 45. Kg2 Rc1 46. Rxh2 Rxc3 47. Rh5 Rb3 48. Rxd5 Rxb4 49. Rc5 Rb5 50. Kf3 Rxc5 51. dxc5 Kb8 52. Ke4 Kc7 53. Kd4 c3 54. Kxc3 Kc6 55. Kc4 Kd7 56. Kd5 Kc7 57. Kd4 1/2-1/2

[Event "Montigny le Bretonneux-B 4th"]
[Site "Montigny le Bretonneux"]
[Date "2005.10.28"]
[Round "5"]
[White "Roux, Jean Luc"]
[Black "Couronne, Patrice"]
[Result "1/2-1/2"]
[WhiteElo "1911"]
[BlackElo "1750"]
[PlyCount "194"]
[EventDate "2005.10.22"]
[EventType "tourn"]
[EventRounds "9"]
[EventCountry "FRA"]
[SourceTitle "EXT 2008"]
[Source "ChessBase"]
[SourceDate "2007.11.25"]
[SourceVersion "1"]
[SourceVersionDate "2007.11.25"]
[SourceQuality "1"]

1. e4 c5 2. Nf3 Nc6 3. Bb5 g6 4. 0-0 Bg7 5. c3 a6 6. Bxc6 bxc6 7. d4 cxd4 8. cxd4 Nf6 9. Nc3 0-0 10. Bf4 d6 11. h3 Bb7 12. Re1 Qb6 13. Qd2 c5 14. d5 Rfd8 15. Rab1 Rab8 16. b3 Qb4 17. Qc2 Rd7 18. Nd2 Nh5 19. Ne2 Nxf4 20. Nxf4 a5 21. Nd3 Qc3 22. Qxc3 Bxc3 23. Red1 Ba6 24. Nc4 Rdb7 25. Rbc1 Bxc4 26. Rxc3 Ba6 27. Nb2 Rb4 28. f3 Kg7 29. Kf2 Kf6 30. Ke3 g5 31. g3 h5 32. f4 g4 33. hxg4 hxg4 34. Rh1 Kg7 35. Rh4 Bc8 36. f5 Kf6 37. Rxg4 Ba6 38. Rc2 Rd4 39. Rf4 Rbb4 40. Rc3 Ke5 41. Nd3+ Bxd3 42. Rxd3 Rxe4+ 43. Rxe4+ Rxe4+ 44. Kd2 Kxf5 45. Rf3+ Kg6 46. Kc3 a4 47. a3 axb3 48. Kxb3 Rd4 49. a4 c4+ 50. Kc3 Rxd5 51. Kxc4 e6 52. Kb4 f5 53. a5 Rd4+ 54. Kb5 e5 55. a6 Rd1 56. Ra3 Rb1+ 57. Kc6 f4 58. Kxd6 f3 59. a7 f2 60. a8Q f1Q 61. Qg8+ Kh6 62. Qe6+ Kg5 63. Qxe5+ Kg6 64. Qe8+ Qf7 65. Qxf7+ Kxf7 66. Ke5 Kg6 67. Kf4 Rb4+ 68. Kf3 Rb5 69. Kg4 Rb4+ 70. Kh3 Rb5 71. Kh4 Rh5+ 72. Kg4 Rg5+ 73. Kf4 Rf5+ 74. Kg4 Rg5+ 75. Kf3 Rf5+ 76. Kg2 Kg5 77. Ra4 Rb5 78. Kh3 Re5 79. Rg4+ Kh5 80. Rg8 Re3 81. Kg2 Re4 82. Kf3 Rb4 83. g4+ Kh4 84. Rh8+ Kg5 85. Rh5+ Kg6 86. Re5 Ra4 87. Re4 Rxe4 88. Kxe4 Kg5 89. Kf3 Kg6 90. Kf4 Kf6 91. g5+ Kg6 92. Kg4 Kg7 93. Kf5 Kf7 94. g6+ Kg7 95. Kg5 Kg8 96. Kf6 Kf8 97. g7+ Kg8 1/2-1/2

[Event "Montigny le Bretonneux-B 4th"]
[Site "Montigny le Bretonneux"]
[Date "2005.10.27"]
[Round "4"]
[White "Blot, David"]
[Black "Roux, Jean Luc"]
[Result "1/2-1/2"]
[WhiteElo "1936"]
[BlackElo "1911"]
[PlyCount "21"]
[EventDate "2005.10.22"]
[EventType "tourn"]
[EventRounds "9"]
[EventCountry "FRA"]
[SourceTitle "EXT 2008"]
[Source "ChessBase"]
[SourceDate "2007.11.25"]
[SourceVersion "1"]
[SourceVersionDate "2007.11.25"]
[SourceQuality "1"]

1. e4 e6 2. d4 d5 3. Nc3 dxe4 4. Nxe4 Nd7 5. Nf3 Ngf6 6. Nxf6+ Nxf6 7. Bd3 c5 8. dxc5 Bxc5 9. Qe2 0-0 10. Bg5 Be7 11. 0-0-0 1/2-1/2

[Event "Montigny le Bretonneux 3rd"]
[Site "Montigny le Bretonneux"]
[Date "2004.10.26"]
[Round "3"]
[White "Roux, Jean Luc"]
[Black "Couronne, Patrice"]
[Result "1-0"]
[WhiteElo "1912"]
[BlackElo "1710"]
[PlyCount "91"]
[EventDate "2004.10.??"]
[EventType "swiss"]
[EventRounds "9"]
[EventCountry "FRA"]
[SourceTitle "EXT 2006"]
[Source "ChessBase"]
[SourceDate "2005.11.24"]
[SourceVersion "1"]
[SourceVersionDate "2005.11.24"]
[SourceQuality "1"]

1. e4 c5 2. Nf3 Nc6 3. Bb5 d6 4. d4 cxd4 5. Qxd4 Bd7 6. Bxc6 Bxc6 7. c4 e5 8. Qd3 Nf6 9. Nc3 Be7 10. 0-0 0-0 11. b3 Qa5 12. Bd2 Qc7 13. Rac1 Qd7 14. Rfd1 a6 15. Bg5 Rad8 16. Rd2 h6 17. Bxf6 Bxf6 18. Rcd1 Be7 19. Nd5 Bxd5 20. Qxd5 Qc6 21. h3 Rc8 22. Nh2 Qxd5 23. Rxd5 f5 24. exf5 Rxf5 25. Ng4 Rcf8 26. f3 Rg5 27. Nf2 Rg6 28. Kf1 b6 29. Ne4 Rd8 30. b4 Rc8 31. Nxd6 Rc6 32. c5 bxc5 33. bxc5 Re6 34. Ne4 Kh7 35. Ke2 Kg6 36. g4 Kf7 37. Kd3 Ke8 38. Kc4 Rc7 39. a4 Kf7 40. Rb1 Ke8 41. a5 Bf8 42. Rb6 Kf7 43. Nd6+ Ke7 44. Rxa6 g5 45. Rb6 Ra7 46. Nc8+ 1-0

[Event "Montigny le Bretonneux-A 2nd"]
[Site "Montigny le Bretonneux"]
[Date "2003.11.01"]
[Round "9"]
[White "Forissier, Nicolas"]
[Black "Roux, Jean Luc"]
[Result "0-1"]
[WhiteElo "1990"]
[BlackElo "1980"]
[PlyCount "64"]
[EventDate "2003.10.??"]
[EventType "swiss"]
[EventRounds "9"]
[EventCountry "FRA"]
[SourceTitle "EXT 2005"]
[Source "ChessBase"]
[SourceDate "2004.11.15"]
[SourceVersion "1"]
[SourceVersionDate "2004.11.15"]
[SourceQuality "1"]

1. d4 d5 2. c4 c6 3. Nc3 Nf6 4. Nf3 e6 5. e3 Nbd7 6. Bd2 Be7 7. c5 Qc7 8. Be2 e5 9. 0-0 0-0 10. b4 Ne4 11. Qc2 f5 12. Nxe4 fxe4 13. Nxe5 Nxe5 14. dxe5 Qxe5 15. f4 exf3 16. Bxf3 Bf5 17. Qc3 Qe6 18. Rae1 Bf6 19. Qb3 Rae8 20. Bc1 Be4 21. Bd2 Bh4 22. Re2 Qg6 23. Bxe4 Qxe4 24. Rxf8+ Rxf8 25. g3 Qf3 26. Qd1 Bg5 27. Qe1 Re8 28. Qf2 Qe4 29. Re1 Rf8 30. Qg2 Rf3 31. Qe2 h6 32. a3 h5 0-1

[Event "Montigny le Bretonneux-A 2nd"]
[Site "Montigny le Bretonneux"]
[Date "2003.10.27"]
[Round "4"]
[White "Fayolle, Guy"]
[Black "Roux, Jean Luc"]
[Result "0-1"]
[WhiteElo "1920"]
[BlackElo "1980"]
[PlyCount "152"]
[EventDate "2003.10.??"]
[EventType "swiss"]
[EventRounds "9"]
[EventCountry "FRA"]
[SourceTitle "EXT 2005"]
[Source "ChessBase"]
[SourceDate "2004.11.15"]
[SourceVersion "1"]
[SourceVersionDate "2004.11.15"]
[SourceQuality "1"]

1. e4 e6 2. d4 d5 3. Nc3 Nf6 4. e5 Nfd7 5. f4 c5 6. Be3 Nc6 7. Nf3 cxd4 8. Nxd4 Bb4 9. Nxc6 bxc6 10. a3 Bxc3+ 11. bxc3 Qa5 12. Qd2 Ba6 13. Bd3 0-0 14. 0-0 c5 15. Rf3 Bxd3 16. cxd3 Rab8 17. c4 Qa4 18. cxd5 exd5 19. Qc1 d4 20. Bd2 Rb3 21. Qc2 Rfb8 22. Rff1 Qb5 23. Rf3 Rb2 24. Qc1 Qa4 25. Qd1 Qc2 26. Qxc2 Rxc2 27. Bc1 Rb3 28. Rf2 Rcc3 29. Rf3 Nb6 30. Kf2 Rc2+ 31. Kg1 Nd5 32. f5 Re2 33. e6 fxe6 34. fxe6 Rxe6 35. Bg5 h6 36. Bh4 Ne3 37. Rc1 Rxd3 38. Rxc5 Rd1+ 39. Kf2 Rd2+ 40. Ke1 Rxg2 41. Bg3 d3 42. Rc8+ Kh7 43. Rd8 Rg1+ 44. Kd2 Rd1+ 45. Kc3 Rc6+ 46. Kd4 Nc2+ 47. Kd5 Rg6 48. Ke4 Rg4+ 49. Ke5 Nxa3 50. Rfxd3 Rxd3 51. Rxd3 Nc4+ 52. Kf5 Rg5+ 53. Ke6 a5 54. Rc3 Rg6+ 55. Kd5 Nb6+ 56. Kd4 Rg4+ 57. Kd3 a4 58. Ra3 Kg6 59. Rc3 Nd7 60. Ke3 Nf6 61. Rc6 Rb4 62. Ra6 Kf5 63. Ra5+ Kg4 64. Bd6 Re4+ 65. Kd3 h5 66. Be5 Rb4 67. Ra6 Kf5 68. Ra5 Kg6 69. Bd6 Rg4 70. Ra6 Kf7 71. Be5 h4 72. Bd6 h3 73. Ra5 Ke6 74. Ra6 Kd5 75. Bg3 Rxg3+ 76. hxg3 h2 0-1

[Event "Montigny le Bretonneux op 7th"]
[Site "Montigny le Bretonneux"]
[Date "2003.05.01"]
[Round "1.4"]
[White "Roux, Jean Luc"]
[Black "Benhamouda, Fabrice"]
[Result "1-0"]
[WhiteElo "2050"]
[BlackElo "1580"]
[PlyCount "139"]
[EventDate "2003.05.??"]
[EventType "swiss"]
[EventRounds "9"]
[EventCountry "FRA"]
[SourceTitle "EXT 2004"]
[Source "ChessBase"]
[SourceDate "2003.11.25"]
[SourceVersion "1"]
[SourceVersionDate "2003.11.25"]
[SourceQuality "1"]

1. c4 e5 2. Nc3 Nf6 3. g3 d5 4. cxd5 Nxd5 5. Bg2 Be6 6. e4 Nf6 7. Nge2 Be7 8. 0-0 0-0 9. d4 Nbd7 10. d5 Bg4 11. Be3 Bc5 12. Qd2 Bxe3 13. Qxe3 Nb6 14. b3 Qd7 15. f4 Bxe2 16. Nxe2 exf4 17. Nxf4 Ng4 18. Qf3 Rae8 19. Bh3 Ne5 20. Qc3 Qe7 21. Ne6 fxe6 22. Rxf8+ Rxf8 23. Qxe5 Qc5+ 24. Kh1 exd5 25. Be6+ Kh8 26. exd5 c6 27. Re1 Nxd5 28. Bf5 Qc3 29. Qe4 Nf6 30. Qe7 Rg8 31. Kg2 Qd2+ 32. Re2 Qd5+ 33. Be4 Nxe4 34. Rxe4 Qd2+ 35. Re2 Qd5+ 36. Kh3 Qh5+ 37. Kg2 Qd5+ 38. Kf2 Qd4+ 39. Kf3 Qd3+ 40. Kf4 Qd4+ 41. Kf3 Qd5+ 42. Kg4 h5+ 43. Kh3 Qf5+ 44. Kg2 Qd5+ 45. Qe4 Re8 46. Qxd5 Rxe2+ 47. Kf3 Rf2+ 48. Kxf2 cxd5 49. Ke3 Kg8 50. Kd4 Kf7 51. Kxd5 g5 52. Kd6 Kf6 53. Kc7 Kf5 54. Kxb7 Kg4 55. Kxa7 Kh3 56. b4 Kxh2 57. b5 Kxg3 58. b6 h4 59. b7 h3 60. b8Q+ Kg4 61. Qh2 Kh4 62. Qf2+ Kg4 63. Kb6 Kh5 64. Qg3 g4 65. Kc5 Kg5 66. Kd4 Kh5 67. Ke4 Kg5 68. Ke5 Kh5 69. Kf6 Kh6 70. Qh4# 1-0

[Event "Montigny le Bretonneux op 1st"]
[Site "Montigny le Bretonneux"]
[Date "2002.10.25"]
[Round "1"]
[White "Baron, Daniel"]
[Black "Roux, Jean Luc"]
[Result "0-1"]
[WhiteElo "2188"]
[BlackElo "1890"]
[PlyCount "56"]
[EventDate "2002.10.25"]
[EventType "swiss"]
[EventRounds "9"]
[EventCountry "FRA"]
[SourceTitle "EXT 2008"]
[Source "ChessBase"]
[SourceDate "2007.11.25"]
[SourceVersion "1"]
[SourceVersionDate "2007.11.25"]
[SourceQuality "1"]

1. Nf3 Nf6 2. b3 d5 3. Bb2 c5 4. e3 Nc6 5. Bb5 Bd7 6. 0-0 e6 7. d3 Be7 8. Nbd2 0-0 9. Bxc6 Bxc6 10. Ne5 Rc8 11. f4 Nd7 12. Qg4 f5 13. Qh5 Nxe5 14. Bxe5 Bf6 15. Qe2 Bxe5 16. fxe5 Qg5 17. Nf3 Qg4 18. h3 Qg6 19. d4 c4 20. Nd2 a6 21. Rf2 c3 22. Nb1 Bb5 23. Qe1 Qg3 24. a4 Be8 25. Nxc3 f4 26. Rc1 Bg6 27. a5 Bf5 28. Kh1 fxe3 0-1